000 00564nam a22001695i 4500
001 68699
003 ES-MaACL
007 t|
008 960827s1891 it ||||1| ita d
040 _aCAM
_bspa
_cCAM
100 1 _aGianturco, Emanuele.
_956621
245 1 2 _aL'individualismo e il socialismo nel diritto contrattuale
_b: prolusione al corso di diritto civile letta nella Universitá di Napoli /
_cdal prof. Emanuele Gianturco.
250 _a2ª ed.
260 _aNapoli :
_bLuigi Pierro,
_c1891.
300 _a24 p. ;
_c22 cm.
852 _aES-MaACL
_jT-920-F-5
999 _c68699
_d68699